| 000 | 01295cam a22002655a 4500 | ||
|---|---|---|---|
| 001 | L160132 | ||
| 008 | 180725s2018 xxk f 000 0 eng d | ||
| 035 | _a(Sirsi) u160132 | ||
| 041 | 0 | _aeng | |
| 110 | 2 |
_aInternational Facilities Management Association _96210 |
|
| 110 | 2 |
_aRoyal Institution of Chartered Surveyors _94900 |
|
| 245 | 0 | 0 | _aProcurement of facility management |
| 250 | _a1st ed | ||
| 260 |
_aHouston _bIFMA _c2018 |
||
| 260 |
_aLondon _bRICS _c2018 |
||
| 300 | _a32p. | ||
| 520 | _aThis professional statement (PS) and guidance note (GN) discusses facilities management procurement routes and processes open to organisations. It provides information and guidance on the various factors that need to be considered throughout a procurement process. This includes activities and key decisions during planning, procurement and post-procurement. Excludes FM strategy and the most appropriate sourcing of FM services. | ||
| 520 | _aSuperseded by Global edition, 2020 | ||
| 590 | _aKA | ||
| 650 | 2 | 4 |
_aPROCUREMENT _96260 |
| 651 | 4 | _aENGLAND AND WALES | |
| 690 |
_aFacilities management _96240 |
||
| 856 | 4 | 0 |
_ufile:///C:/Users/ffogden/Downloads/Procurement_of_facility_management_1st_edition_PS_2018_archived.pdf _zArchived on iSurv (subscription required) |
| 942 |
_n0 _2ddc |
||
| 999 |
_c116244 _d116244 |
||